00679nam a2200181 a 450000100100000000500170001000800410002704000250006810000380009324500660013125000290019726000380022630000210026450000620028550400280034795201050037599900170048000004609220201002052631.0110404s200u dr 000 0 spa d aDO-SdBNPbspacBNPHU1 aCastro García, Teófilo95475710aIntervención Yanqui 1916-1924 /cTeófilo Castro García. a3a. ed. corr. y ampliada aSanto Domingo :b[s.d.],c[200-]. a134 p. ;c21 cm. aIncluye datos biografícos del autor en la contraportada aBibliografía : p. 134 0010718PDaPDbPDcHDd2015-06-18iLF1l0o p46092-10r2020-06-25w2020-06-25yLFPDZNo se presta c45581d45581